Vnútropodnikový chozraščot v podmínkách Stavebních závodů Praha

Bibliographic Details
Main Author: Tomek, Aleš, 1948- (Author)
Format: Article
Language:Czech
Subjects:

MARC

LEADER 00000nab a2200000 a 4500
001 vtls000231683
003 SK-MaSNL
005 20260302212523.0
008 160201c1985 xo 0 cze
015 |a SNBRB19rr/mm-uuuuu 
035 |a CL0241797 
040 |a SNKBUCL  |b slo  |c SNKBUCL  |e AACR2 
041 0 |a cze 
044 |a xo  |c SK 
080 |a 69:338.244.018  |2 1981 
080 |a 338.244.018  |2 1981 
100 1 |a Tomek, Aleš,  |d 1948-  |4 aut  |9 142633 
245 1 0 |a Vnútropodnikový chozraščot v podmínkách Stavebních závodů Praha  |c Aleš Tomek 
650 0 7 |a Stavební závody, g.ř., Praha  |2 snkbucl  |9 937290 
650 0 7 |a chozrasčot vnútropodnikový  |2 snkbucl  |9 921142 
655 7 |a články z novín a časopisov  |2 snkbucl  |9 267496 
773 0 |t Ekonomika stavebníctva  |g Roč. 20, č. 6 (1985), s. 184-187 
850 |a Slovenská národná knižnica v Martine  |a MTA001 
852 |a SNK  |b KIS3GCP 
957 |a 3100 
958 |a RK 
958 |a CZ 
992 |a RBX 
999 |c 1489570  |d 1491500